| 000 | 00638nam a22002292a 4500 | ||
|---|---|---|---|
| 001 | 8828 | ||
| 003 | BD - JhCC | ||
| 005 | 20231107094854.0 | ||
| 008 | 860101s1921 enk 000 0 eng d | ||
| 035 | _a(BD - JhCC)8828 | ||
| 040 |
_aNOC _cNOC _dEQO _dBD - JhCC |
||
| 041 | _aeng | ||
| 082 | _bMOR 1921 | ||
| 100 | 1 |
_aMorgan, R. B. _q(Robert Burns) |
|
| 245 | 1 | 4 |
_aA New English Grammar / _cby R.B. Morgan ; with an introduction by S.O. Andrew |
| 260 |
_aLondon : _bJohn Murray, _c1921 |
||
| 300 |
_a62 p. ; _c19 cm |
||
| 500 | _aMurray file copy no. 254 | ||
| 650 | 0 |
_aEnglish language _xGrammar |
|
| 942 |
_2ddc _cBK |
||
| 999 |
_c8828 _d8828 |
||